000 00962nas a2200337 4500
001 BR2011006159
003 BR-BrBNA
005 20231205115700.0
007 ta
008 230509b bl.|||p| |||| 00| 00por d
040 _aBR-BrBNA
_bpor
_cBiblioteca Nacional de Agricultura
041 _a(En)
072 _aL20; L02
100 1 _aFagundes, C.K.
100 1 _aBehr, E.R.
100 1 _aKotizian, C.B.
245 1 _aDieta de Iheringichthys labrosus (Siluriformes, Pimelodidae)no rio Ibicuí, Sul do Brasil.
650 _aECOLOGIA AQUÁTICA
650 _aPEIXE DE ÁGUA DOCE
650 _aSURUBIM
650 _aHABITAT
650 _aRIO
650 _aDIETA
650 _aHÁBITO ALIMENTAR
650 _aMOSQUITO
650 _aDIPTERA
650 _aMOLUSCO
773 0 _tIheringia. Série Zoologia (Brazil)
_xISSN 0073-4721
_g(Mar 2008), v. 98(1) p. 60-65
_wBR2011006159
909 _a202311
_bLúcia
_c55
_dLúcia Elande
942 _2AGRIS
_n0
_cANA
999 _c215212
_d215212